Normal view
MARC view
Entry Personal Name
001 - CONTROL NUMBER
- control field: 70427
003 - CONTROL NUMBER IDENTIFIER
- control field: dpl
005 - DATE AND TIME OF LATEST TRANSACTION
- control field: 20240822144800.0
008 - FIXED-LENGTH DATA ELEMENTS
- fixed length control field: 240822|| aca||aabn | a|a d
040 ## - CATALOGING SOURCE
- Original cataloging agency: dpl
- Transcribing agency: dpl
100 ## - HEADING--PERSONAL NAME
- Personal name: Aggarwal, Ishad
670 ## - SOURCE DATA FOUND
- Source citation: Work cat.: (dpl)158500: Bharat, Vaibhav 70426, DNB CET Review:, 2014
